| 000 | 00548nam a22001817a 4500 | ||
|---|---|---|---|
| 005 | 20240507152326.0 | ||
| 010 | _aENG-140143 | ||
| 020 |
_c150.00 _a9789350831731 |
||
| 035 | _aEN-123675 | ||
| 037 | _bDBAD | ||
| 082 | _a332.6427 | ||
| 100 |
_aDutt, Ashu _965876 |
||
| 245 |
_aMaster The Stock Market/ _cEdited by Ashu Dutt |
||
| 260 |
_aNew Delhi _bDiamond Pocket Books (P) Ltd. _c2012 |
||
| 270 |
_bNew Delhi _aX-30, Okhla Industrial Area, Phase-II _e110020 |
||
| 300 |
_a125p. _c22cm(pbk) |
||
| 942 |
_2ddc _cEN _h332.6427 _mDUT |
||
| 999 |
_c202165 _d202165 |
||